[Event "ROM-ch"]
[Site "Baile Olanesti"]
[Date "2010.02.03"]
[Round "5"]
[White "Dragomirescu, Robin Alexandru"]
[Black "Smarandoiu, Adrian Ioan"]
[Result "1-0"]
[WhiteElo "2348"]
[BlackElo "2045"]
[PlyCount "60"]
[EventDate "2010.01.31"]
[EventType "swiss"]
[EventRounds "9"]
[EventCountry "ROU"]
[SourceTitle "CBM 134 Extra"]
[Source "ChessBase"]
[SourceDate "2010.03.03"]
[SourceVersion "1"]
[SourceVersionDate "2010.03.03"]
[SourceQuality "1"]

1. e4 Nf6 2. e5 Nd5 3. c4 Nb6 4. d4 d6 5. exd6 cxd6 6. Nc3 g6 7. Be3 Bg7 8. Rc1 Nc6 9. b3 0-0 10. Nf3 Nd7 11. d5 Ncb8 12. Be2 Nf6 13. 0-0 Bg4 14. h3 Bxf3 15. Bxf3 Nbd7 16. Qd2 b6 17. Nb5 Ne5 18. Be2 Ne4 19. Qc2 Nc5 20. Nd4 Bf6 21. f4 Ned7 22. b4 Na6 23. Nc6 Qc7 24. Bf3 Rfe8 25. g4 Nab8 26. g5 Bg7 27. h4 Nf8 28. h5 Nbd7 29. h6 Bh8 30. Bd4 f6 1-0

[Event "ROM-chT"]
[Site "Eforie Nord"]
[Date "2009.09.27"]
[Round "9"]
[White "Smarandoiu, Adrian Ioan"]
[Black "Manolache, Marius"]
[Result "0-1"]
[WhiteElo "2045"]
[BlackElo "2535"]
[PlyCount "66"]
[EventDate "2009.09.19"]
[EventType "team"]
[EventRounds "9"]
[EventCountry "ROU"]
[SourceTitle "CBM 132 Extra"]
[Source "ChessBase"]
[SourceDate "2009.11.03"]
[SourceVersion "1"]
[SourceVersionDate "2009.11.03"]
[SourceQuality "1"]

1. d4 d6 2. c4 g6 3. Nc3 Bg7 4. Bf4 c6 5. Nf3 Bg4 6. e3 Qb6 7. Qb3 Bxf3 8. gxf3 Nd7 9. Be2 Ngf6 10. Qxb6 axb6 11. e4 e5 12. Be3 Ng4 13. d5 Nxe3 14. fxe3 Ke7 15. Kf2 Bf6 16. dxc6 Bh4+ 17. Kg2 bxc6 18. Rhd1 Bg5 19. Kf2 f5 20. exf5 gxf5 21. Bd3 Raf8 22. Ke2 e4 23. fxe4 f4 24. Rf1 Rhg8 25. exf4 Bxf4 26. Rf2 Be5 27. Raf1 Rxf2+ 28. Rxf2 Bxc3 29. bxc3 Ne5 30. Bc2 Rg4 31. Ke3 Rh4 32. Bd1 Rh3+ 33. Bf3 Ng4+ 0-1

[Event "ROM-chT"]
[Site "Eforie Nord"]
[Date "2009.09.20"]
[Round "2"]
[White "Smarandoiu, Adrian Ioan"]
[Black "Ardelean, George Catalin"]
[Result "0-1"]
[WhiteElo "2045"]
[BlackElo "2524"]
[PlyCount "62"]
[EventDate "2009.09.19"]
[EventType "team"]
[EventRounds "9"]
[EventCountry "ROU"]
[SourceTitle "CBM 132 Extra"]
[Source "ChessBase"]
[SourceDate "2009.11.03"]
[SourceVersion "1"]
[SourceVersionDate "2009.11.03"]
[SourceQuality "1"]

1. d4 Nf6 2. c4 c5 3. d5 e6 4. Nc3 exd5 5. cxd5 d6 6. e4 g6 7. Bf4 Bg7 8. Qa4+ Bd7 9. Qb3 Qc7 10. Nf3 Nh5 11. Be3 0-0 12. Be2 a6 13. a4 Bg4 14. h3 Bxf3 15. Bxf3 Nd7 16. 0-0 Nhf6 17. Bf4 Rfe8 18. Rfe1 h5 19. Rad1 Rab8 20. g3 b5 21. axb5 axb5 22. Bg2 b4 23. Nb1 c4 24. Qc2 Rec8 25. Rc1 Ne8 26. Nd2 c3 27. bxc3 bxc3 28. Nf3 Rb2 29. Qd1 Qb6 30. Be3 Qb4 31. Nd4 c2 0-1